Central Library OPAC University of Rajshahi

Pakistan sociological studies : (Record no. 33149)

MARC details
000 -LEADER
fixed length control field 00838nas a2200229 a 4500
001 - CONTROL NUMBER
control field 33149
003 - CONTROL NUMBER IDENTIFIER
rucl marc code BD-RjUL
005 - DATE AND TIME OF LATEST TRANSACTION
control field 20211209051945.0
008 - FIXED-LENGTH DATA ELEMENTS--GENERAL INFORMATION
fixed length control field 140430s1965 pk au g 0 0 0eng
035 ## - SYSTEM CONTROL NUMBER
System control number (BD-RjUL)33240
040 ## - CATALOGING SOURCE
Original cataloging agency DLC
Transcribing agency CarP
Modifying agency DLC
-- BD-RjUL
Language of cataloging eng
041 ## - LANGUAGE CODE
Language code of text/sound track or separate title eng
082 ## - DEWEY DECIMAL CLASSIFICATION NUMBER
Classification number 301.09549
Author mark and year PAK 1965
110 2# - MAIN ENTRY--CORPORATE NAME
Corporate name or jurisdiction name as entry element Pakistan Sociological Association. [from old catalog]
9 (RLIN) 174390
245 00 - TITLE STATEMENT
Title Pakistan sociological studies :
Remainder of title papers from the first annual Conference of the Pakistan Sociological Association, Karachi, April 27-29, 1964 /
Statement of responsibility, etc. Articles by Md. Afsar Uddin ... [et al.].
260 ## - PUBLICATION, DISTRIBUTION, ETC. (IMPRINT)
Place of publication, distribution, etc. Lahore :
Name of publisher, distributor, etc. Pakistan Sociological Association,
Date of publication, distribution, etc. 1965.
300 ## - PHYSICAL DESCRIPTION
Pagination 115 p; :
Size 24 cm.
Illustrations ill. ;
650 #0 - SUBJECT ADDED ENTRY--TOPICAL TERM
Topical term or geographic name as entry element Sociology
General subdivision Societies
9 (RLIN) 100694
942 ## - ADDED ENTRY ELEMENTS (KOHA)
Source of classification or shelving scheme Dewey Decimal Classification
Koha item type Books
Holdings
Lost status Source of classification or shelving scheme Damaged status Not for loan Collection code Permanent Location Current Location Shelving location Date acquired Source of acquisition Cost, normal purchase price Total Checkouts Full call number Date last seen Copy number Koha item type
  Dewey Decimal Classification     Non-fiction Central Library, University of Rajshahi Central Library, University of Rajshahi   23/05/1970 Royal Book Co. 5.00   301.09549 PAK 1965 30/04/2014 C-2 Books
  Dewey Decimal Classification     Non-fiction Central Library, University of Rajshahi Central Library, University of Rajshahi   23/05/1970 Royal Book Co. 5.00   301.09549 PAK 1965 30/04/2014 C-3 Books
  Dewey Decimal Classification   Not For Loan Non-fiction Central Library, University of Rajshahi Central Library, University of Rajshahi   23/05/1970 Royal book co 5.00   301.09549 PAK 1965 17/12/2016 C-1 Books